Visión jurisprudencial de las servidumbres de tránsito.
Gespeichert in:
| Weitere Verfasser: | |
|---|---|
| Format: | Unbekannt |
| Veröffentlicht: |
Santiago, Chile:
Hammurabi,
2022.
|
| Ausgabe: | 1ª edición |
| Schlagworte: | |
| Tags: |
Tag hinzufügen
Keine Tags, Fügen Sie den ersten Tag hinzu!
|
MARC
| LEADER | 00000 a2200000 4500 | ||
|---|---|---|---|
| 003 | CL-VaPUC | ||
| 005 | 20230721124839.0 | ||
| 008 | 230424t2022 ||||| |||| 00| 0 eng d | ||
| 999 | |c 440604 |d 440602 | ||
| 020 | |a 978-956-6072-93-5 | ||
| 040 | |c Pontificia Universidad Católica de Valparaíso | ||
| 082 | |2 22 |a 346.83043 ALV 2022 | ||
| 100 | |a Álvarez Cabello, Manuel |e editor |9 881750 | ||
| 245 | |a Visión jurisprudencial de las servidumbres de tránsito. | ||
| 250 | |a 1ª edición | ||
| 260 | |a Santiago, Chile: |b Hammurabi, |c 2022. | ||
| 300 | |a 177 páginas. | ||
| 583 | |k Catalogador Asistente |c 20230424 | ||
| 650 | 0 | |9 881948 |a Servidumbres de tránsito |v Sentencias |z Chile | |
| 650 | 0 | |9 881949 |a Servidumbres de paso |v Sentencias |z Chile | |
| 650 | 0 | |9 359521 |a Bienes inmuebles |x Propiedad |v Sentencias |z Chile | |
| 942 | |2 ddc |c BK | ||
| 952 | |0 0 |1 0 |2 ddc |4 0 |6 346_830430000000000_ALV_2022 |7 0 |8 A |9 589763 |a BIBDER |b BIBDER |d 2023-04-24 |e 22 |g 30999.50 |i 5657262 |o 346.83043 ALV 2022 |p 5657262 |r 2023-04-24 |t 1 |v 30999.50 |w 2023-04-24 |y BK |k DER | ||